Καστοριά : ιστορία και εκκλησιαστικά μνημεία ; πτυχιακή εργασία

Αποθηκεύτηκε σε:
Λεπτομέρειες βιβλιογραφικής εγγραφής
Κύριος συγγραφέας: Τρασία, Παρασκευή
Άλλοι συγγραφείς: Σαββίδης, Αλέξιος Γ. Κ., 1955- (Εισηγητής διατριβής), Στεφανίδου, Αλεξάνδρα Στ, Συρόπουλος, Σπύρος Δ., 1970-
Μορφή: Thesis Βιβλίο
Γλώσσα:Greek
Δημοσίευση: 2005.
Θέματα:
Ετικέτες: Προσθήκη ετικέτας
Δεν υπάρχουν, Καταχωρήστε ετικέτα πρώτοι!

MARC

LEADER 00000cam a2200000 i 4500
001 1/88059
008 051025s2005 gre d
035 |l 10080982 
040 |a GR-MY-UA  |b gre  |e aacr 
041 0 |a gre 
082 7 |a 732.2   |2 (22) 
100 1 |a Τρασία, Παρασκευή. 
245 1 0 |a Καστοριά :   |b ιστορία και εκκλησιαστικά μνημεία ; πτυχιακή εργασία /   |c Τρασία Παρασκευή ; Σαββίδης Κ. (εισηγητής) ; συνεισηγητές: Κ. Σπυρόπουλος, Κ. Στεφανίδου.  
260 |c 2005.  
300 |a 103 σ. ;   |c 30 εκ. 
502 |a Πτυχιακή εργασία – Πανεπιστήμιο Αιγαίου, Ρόδος, 2005. 
504 |a Περιέχει βιβλιογραφικές παραπομπές.  
610 2 0 |a University of the Aegean  |x Dissertations. 
650 0 0 |a Dissertations, Academic. 
650 0 |a Church architecture  |z Greece  |z Kastoria. 
650 0 0 |a Church decoration and ornament  |z Greece  |z Kastoria. 
650 0 0 |a Church  |z Greece  |z Kastoria. 
700 1 |a Σαββίδης, Αλέξιος Γ. Κ.,   |d 1955-  |4 ths 
700 1 |a Στεφανίδου, Αλεξάνδρα Στ. 
700 1 |a Συρόπουλος, Σπύρος Δ.,   |d 1970- 
852 |a INST  |b RHODES  |c DIATR  |e 20051025  |h 732.2 ΤΡΑ  |p 005400022136  |q 005400022136  |t DIE  |y 23 
852 |a INST  |b RHODES  |c DIATR  |e 20051025  |h 732.2 ΤΡΑ  |p 005400022137  |q 005400022137  |t DIE  |y 23 
901 |a BIBL4-2005-3 
909 |a Ρ  |b 122531 
909 |a Ρ  |b 122532 
924 |a ΤΡΑΣΙΑ  |b ΠΑΡΑΣΚΕΥΗ  |y Ρόδος  |z 2005-10 
970 |a ΣΙΔΕΡΗ  |b ΝΕΚΤΑΡΙΑ  |z 2005/10/25